Para qué y cómo deben organizarse los trabajadores del campo
Uloženo v:
| Médium: | Kniha |
|---|---|
| Jazyk: | Spanish |
| Edice: | Cuadernos de Capacitación Campesina
|
| Témata: | |
| Tagy: |
Přidat tag
Žádné tagy, Buďte první, kdo vytvoří štítek k tomuto záznamu!
|
MARC
| LEADER | 00000nam a22000007a 4500 | ||
|---|---|---|---|
| 003 | cru CIDCACS/IIS | ||
| 005 | 20190906062533.0 | ||
| 008 | 190905bs.f. s.n||||| |||| 00| 0 spa d | ||
| 999 | |c 42333 |d 42333 | ||
| 020 | |a sin ISBN | ||
| 040 | |c cru CIDCACS/IIS | ||
| 090 | |a 05.03.07 C397p | ||
| 245 | |a Para qué y cómo deben organizarse los trabajadores del campo | ||
| 440 | |9 8504 |a Cuadernos de Capacitación Campesina | ||
| 650 | 0 | |9 396 |a MOVIMIENTOS CAMPESINOS | |
| 650 | 0 | |9 1457 |a ORGANIZACION DEL TRABAJO | |
| 650 | 0 | |a RECURSOS ECONOMICOS |9 2905 | |
| 942 | |2 ddc |c LI | ||
